Zhodnotenie efektívnosti vybraných podnikov strojárskeho odvetvia dizertačná práca

Enregistré dans:
Détails bibliographiques
Auteur principal: Hudák, Igor, 1985-
Collectivité auteur: Podnikovohospodárska fakulta EU so sídlom v Košiciach. Katedra ekonómie
Autres auteurs: Kafková, Eva
Format: Livre
Langue:slovaque
Publié: Košice 2013
Sujets:
Tags: Ajouter un tag
Pas de tags, Soyez le premier à ajouter un tag!

MARC

LEADER 00000nbm a2200000 4500
001 0178108
005 20240827091519.1
041 0 |a slo 
044 |a SK 
245 1 0 |a Zhodnotenie efektívnosti vybraných podnikov strojárskeho odvetvia  |b dizertačná práca  |c Igor Hudák ; školiteľ: Eva Kafková 
264 1 |a Košice  |c 2013 
300 |a 112 s. 
610 2 0 |a meranie výkonnosti 
610 2 0 |a výkonnosť 
610 2 0 |a efektívnosť 
610 2 0 |a podnik 
610 2 0 |a priemysel strojársky 
100 1 |a Hudák, Igor, 1985- 
700 1 |a Kafková, Eva 
710 2 |a Podnikovohospodárska fakulta EU so sídlom v Košiciach. Katedra ekonómie